Music Quiz

Random Music or Singers Quiz
Score 0/25 Timer 06:00
3 Plays Today
% Correct
Katy Perry
95.3%
Elton John
95.3%
Rihanna
91.5%
Spice Girls
89.9%
P!nk
89.1%
Cher
84.8%
Madonna
82.7%
One Direction
81.8%
'NSYNC
78.4%
ABBA
75.7%
Pitbull
74%
Coldplay
71.4%
Shakira
68.1%
% Correct
LMFAO
66.3%
Gnarls Barkley
59.1%
Barbra Streisand
57.6%
Sheryl Crow
56.6%
Enrique Iglesias
54.1%
Billy Joel
51.3%
David Guetta
45%
Train
44.6%
Leona Lewis
43.1%
Kylie Minogue
40.7%
Florence and the Machine
38.3%
Westlife
24.5%
Remove Ads.
Support Sporcle.
Get the best of Sporcle when you Go Orange. This ad-free experience offers more features, more stats, and more fun while also helping to support Sporcle. Thank you for becoming a member.

You're not logged in!

Compare scores with friends on all Sporcle quizzes.
OR
Log In

Show Comments

Extras

Top Quizzes Today


Score Distribution

Your Account Isn't Verified!

In order to create a playlist on Sporcle, you need to verify the email address you used during registration. Go to your Sporcle Settings to finish the process.

Report this User

Report this user for behavior that violates our Community Guidelines.

Details: